[Event "Catalunya-ch Seniors"]
[Site "Malgrat del Mar"]
[Date "2023.05.18"]
[Round "5"]
[White "Jucla Esteve, Francisco Javier"]
[Black "Orti Boix, Miguel"]
[Result "0-1"]
[WhiteElo "1420"]
[BlackElo "1554"]
[PlyCount "96"]
[EventDate "2023.05.14"]
[EventType "swiss"]
[EventRounds "8"]
[EventCountry "ESP"]
[SourceTitle "CBM 214 Extra"]
[Source "ChessBase"]
[SourceDate "2023.07.31"]
[SourceVersion "1"]
[SourceVersionDate "2023.07.31"]
[SourceQuality "1"]

1. e4 c5 2. Nf3 d6 3. d4 cxd4 4. Nxd4 Nf6 5. Nc3 a6 6. a4 e5 7. Nb3 Be7 8. Bc4 0-0 9. 0-0 Qc7 10. Qe2 h6 11. h3 Nbd7 12. a5 b5 13. axb6 Nxb6 14. Bd3 Bb7 15. f4 Nbd7 16. f5 Nc5 17. Nxc5 Qxc5+ 18. Be3 Qc6 19. Rad1 Rad8 20. Qf2 Qe8 21. Qg3 Kh7 22. Nd5 Bxd5 23. exd5 Kh8 24. Bxa6 Qa4 25. Bd3 Nxd5 26. b3 Qh4 27. Qf3 Nc3 28. Bf2 Qb4 29. Be1 Qc5+ 30. Bf2 Qc7 31. Ra1 d5 32. Ra7 Qd6 33. Qh5 Qf6 34. Rfa1 Qg5 35. Qxg5 Bxg5 36. Bc5 e4 37. Bf1 Bf6 38. R1a6 Kg8 39. Bxf8 Bd4+ 40. Kh1 Bxa7 41. Rxa7 Kxf8 42. Rc7 Nd1 43. Be2 Ne3 44. Bh5 f6 45. Bg6 d4 46. Bf7 d3 47. cxd3 exd3 48. Bc4 Nxc4 0-1

[Event "Figueres Mas op-B 23rd"]
[Site "Figueres"]
[Date "2022.08.15"]
[Round "6"]
[White "Orti Boix, Miguel"]
[Black "Trias Punset, Carles"]
[Result "1/2-1/2"]
[WhiteElo "1605"]
[BlackElo "1601"]
[PlyCount "34"]
[EventDate "2022.08.11"]
[EventType "swiss"]
[EventRounds "9"]
[EventCountry "ESP"]
[SourceTitle "EXT 2023"]
[Source "ChessBase"]
[SourceDate "2022.10.05"]
[SourceVersion "1"]
[SourceVersionDate "2022.10.05"]
[SourceQuality "1"]

1. e4 d5 2. exd5 Qxd5 3. d4 Nf6 4. Nc3 Qd8 5. Nf3 Bg4 6. h3 Bxf3 7. Qxf3 c6 8. Be3 e6 9. a3 g6 10. Bd3 Bg7 11. 0-0 0-0 12. Rad1 Nbd7 13. Bc4 Nb6 14. Bb3 Nbd5 15. Nxd5 Nxd5 16. Bc1 Qf6 17. Qxf6 Bxf6 1/2-1/2

[Event "Ship Zenith op 8th"]
[Site "Ship Zenith"]
[Date "2019.11.15"]
[Round "8.2"]
[White "Orti Boix, Miguel"]
[Black "Bravo Barranco, Narciso"]
[Result "0-1"]
[WhiteElo "1665"]
[BlackElo "2245"]
[PlyCount "66"]
[EventDate "2019.11.09"]
[EventType "swiss"]
[EventRounds "8"]
[EventCountry "ESP"]
[SourceTitle "EXT 2024"]
[Source "ChessBase"]
[SourceDate "2023.10.10"]
[SourceVersion "1"]
[SourceVersionDate "2023.10.10"]
[SourceQuality "1"]

1. e4 c6 2. d4 d5 3. Bd3 dxe4 4. Bxe4 Nf6 5. Bf3 Bf5 6. Ne2 e6 7. c3 Bd6 8. Bf4 0-0 9. 0-0 Bxf4 10. Nxf4 Qc7 11. Nd3 Nbd7 12. Re1 Rad8 13. Ne5 Nxe5 14. Rxe5 Qxe5 15. dxe5 Rxd1+ 16. Bxd1 Rd8 17. Na3 Nd7 18. f4 g5 19. g3 gxf4 20. gxf4 Nb6 21. Bb3 Rd2 22. Nc4 Nxc4 23. Bxc4 b5 24. Bb3 Bh3 25. Rd1 Rg2+ 26. Kh1 Rxb2 27. Kg1 a5 28. Rd3 Bf5 29. Rd8+ Kg7 30. Bd1 Rxa2 31. Bf3 b4 32. cxb4 axb4 33. Bxc6 b3 0-1

[Event "Catalunya-ch Seniors"]
[Site "Vila Seca"]
[Date "2017.05.21"]
[Round "2"]
[White "Rojas Fernandez, Andres"]
[Black "Orti Boix, Miguel"]
[Result "1-0"]
[WhiteElo "1991"]
[BlackElo "1606"]
[PlyCount "103"]
[EventDate "2017.05.20"]
[EventType "swiss"]
[EventRounds "9"]
[EventCountry "ESP"]
[SourceTitle "CBM 178 Extra"]
[Source "ChessBase"]
[SourceDate "2017.06.22"]
[SourceVersion "1"]
[SourceVersionDate "2017.06.22"]
[SourceQuality "1"]

1. e4 c5 2. Nc3 Nc6 3. g3 g6 4. Bg2 Bg7 5. d3 d6 6. Be3 e5 7. Qd2 Nd4 8. Nce2 Ne7 9. c3 Ne6 10. Bh6 0-0 11. Bxg7 Kxg7 12. f4 f5 13. Nf3 Qc7 14. h4 fxe4 15. dxe4 Nd8 16. 0-0-0 Nf7 17. h5 Bg4 18. hxg6 Nxg6 19. f5 Bxf3 20. Bxf3 Ne7 21. g4 Rad8 22. g5 Ng8 23. f6+ Kh8 24. Bg4 Nxg5 25. Qxg5 Nxf6 26. Bf5 Rf7 27. Bg6 Rg8 28. Qf5 Rff8 29. Rdf1 Qg7 30. Rfg1 Qe7 31. Bh5 Rxg1+ 32. Rxg1 Nxh5 33. Qxh5 Qe6 34. Qg5 Qf7 35. Kc2 b5 36. b3 c4 37. Qg4 Qf6 38. Rg2 Qh6 39. bxc4 bxc4 40. Ng3 Qe3 41. Qe2 Qxe2+ 42. Rxe2 Rf6 43. Nf5 d5 44. Ne3 d4 45. Nxc4 dxc3 46. Nxe5 Ra6 47. Kxc3 Kg7 48. Nc4 h5 49. Kd4 Kf6 50. e5+ Ke6 51. Rh2 Ra4 52. a3 1-0

[Event "Catalunya-ch Seniors 31st"]
[Site "Santa Susanna"]
[Date "2015.05.25"]
[Round "3"]
[White "Orti Boix, Miguel"]
[Black "Simon Padros, Emili"]
[Result "0-1"]
[WhiteElo "1991"]
[BlackElo "2327"]
[PlyCount "60"]
[EventDate "2015.05.23"]
[EventType "swiss"]
[EventRounds "9"]
[EventCountry "CAT"]
[SourceTitle "CBM 166 Extra"]
[Source "ChessBase"]
[SourceDate "2015.06.18"]
[SourceVersion "1"]
[SourceVersionDate "2015.06.18"]
[SourceQuality "1"]

1. e4 c5 2. c3 e6 3. d4 d5 4. exd5 exd5 5. Nf3 Nc6 6. Bd3 Bd6 7. 0-0 Nge7 8. Re1 h6 9. h3 0-0 10. Nbd2 c4 11. Bc2 b5 12. a3 Qc7 13. Nf1 Be6 14. Ne3 Qd7 15. Bd2 Rfe8 16. Re2 Ng6 17. Bxg6 fxg6 18. Qf1 Rf8 19. Ne5 Bxe5 20. dxe5 Nxe5 21. Ng4 Nxg4 22. hxg4 Bxg4 23. Re3 Bf5 24. Qe1 Rae8 25. Re5 Be4 26. Rxe8 Rxe8 27. Be3 Qg4 28. Qf1 Rf8 29. Rd1 Bxg2 30. Rd4 Be4+ 0-1

[Event "Zaragoza Casablanca op 6th"]
[Site "Zaragoza"]
[Date "2012.12.22"]
[Round "1"]
[White "Granda Zuniga, Julio E"]
[Black "Orti Boix, Miguel"]
[Result "1-0"]
[WhiteElo "2641"]
[BlackElo "1826"]
[PlyCount "70"]
[EventDate "2012.12.22"]
[EventType "swiss"]
[EventRounds "9"]
[EventCountry "ESP"]
[SourceTitle "CBM 152 Extra"]
[Source "ChessBase"]
[SourceDate "2013.02.25"]
[SourceVersion "1"]
[SourceVersionDate "2013.02.25"]
[SourceQuality "1"]

1. c4 Nf6 2. Nc3 g6 3. e4 d6 4. d4 Bg7 5. Nf3 0-0 6. Be2 e5 7. Be3 Nc6 8. d5 Ne7 9. Nd2 Nd7 10. b4 f5 11. f3 Nf6 12. a4 Bd7 13. c5 f4 14. Bf2 a6 15. Nc4 Ne8 16. g4 dxc5 17. bxc5 Nf6 18. Qb3 Kh8 19. h3 Be8 20. 0-0 Nd7 21. Rfd1 Qc8 22. d6 Nc6 23. Nd5 Nd4 24. Qb2 Nxc5 25. Nxc7 Nxa4 26. Rxa4 Bxa4 27. Rxd4 exd4 28. Bxd4 Qd7 29. Nb6 Bxd4+ 30. Qxd4+ Qg7 31. Qxg7+ Kxg7 32. Ncxa8 Bc6 33. Nc7 Kf6 34. Nc4 b5 35. e5+ Kg7 1-0

[Event "Benidorm op U2200 10th"]
[Site "Benidorm"]
[Date "2011.12.02"]
[Round "1"]
[White "Pia Iglesias, Jose Maria"]
[Black "Orti Boix, Miguel"]
[Result "1-0"]
[WhiteElo "1995"]
[BlackElo "1800"]
[PlyCount "99"]
[EventDate "2011.12.02"]
[EventType "swiss"]
[EventRounds "10"]
[EventCountry "ESP"]
[SourceTitle "CBM 145 Extra"]
[Source "ChessBase"]
[SourceDate "2012.01.03"]
[SourceVersion "1"]
[SourceVersionDate "2012.01.03"]
[SourceQuality "1"]

1. e4 c5 2. Nf3 d6 3. d4 cxd4 4. Nxd4 Nf6 5. Nc3 a6 6. Bg5 e6 7. f4 Be7 8. Qf3 Qc7 9. 0-0-0 0-0 10. Bd3 Nbd7 11. g4 Nc5 12. Kb1 Rb8 13. e5 dxe5 14. fxe5 Nd5 15. Nxd5 exd5 16. Bxe7 Qxe7 17. Rhe1 Nxd3 18. Rxd3 Qh4 19. Rde3 Be6 20. Nf5 Qd8 21. Qf4 Rc8 22. Rh3 Rc4 23. Qf3 Qg5 24. Qd3 g6 25. b3 Rc7 26. Rg3 Kh8 27. h4 Bxf5 28. hxg5 Bxd3 29. Rxd3 Rfc8 30. Re2 Rc5 31. Red2 Rd8 32. Rd4 b5 33. Rf2 Kg7 34. Rf6 Re8 35. Rdf4 Re7 36. Rxa6 Rxe5 37. Ra7 Rxg5 38. Rfxf7+ Kg8 39. Rg7+ Kh8 40. Rxh7+ Kg8 41. Rhb7 Rc8 42. Rg7+ Kh8 43. Rh7+ Kg8 44. Rag7+ Kf8 45. Rd7 Kg8 46. Rh4 Rf8 47. Rdh7 Rf1+ 48. Kb2 Rxg4 49. Rh8+ Kg7 50. R4h7+ 1-0

[Event "Balaguer op 16th "]
[Site "Balaguer"]
[Date "2011.07.24"]
[Round "8"]
[White "Orti Boix, Miguel"]
[Black "Guadamuro Torrente, Anabel"]
[Result "0-1"]
[WhiteElo "1857"]
[BlackElo "2177"]
[PlyCount "88"]
[EventDate "2011.07.17"]
[EventType "swiss"]
[EventRounds "9"]
[EventCountry "ESP"]
[SourceTitle "CBM 143 Extra"]
[Source "ChessBase"]
[SourceDate "2011.08.29"]
[SourceVersion "1"]
[SourceVersionDate "2011.08.29"]
[SourceQuality "1"]

1. e4 e5 2. Nf3 Nc6 3. Bb5 Nf6 4. 0-0 Nxe4 5. d4 Nd6 6. Bxc6 dxc6 7. dxe5 Nf5 8. Qxd8+ Kxd8 9. h3 h6 10. Nc3 Ne7 11. Rd1+ Ke8 12. b3 Ng6 13. Ne2 c5 14. c4 Be6 15. Bb2 Be7 16. Kh2 h5 17. Nc3 h4 18. Nd5 Bd8 19. Bc1 c6 20. Nf4 Nxf4 21. Bxf4 Rh5 22. Kh1 g5 23. Rxd8+ Rxd8 24. Bxg5 Rd3 25. Be3 b6 26. Kh2 Kd8 27. Re1 Kc8 28. Re2 a5 29. Rb2 Bf5 30. a3 Be4 31. Ne1 Rd1 32. Nf3 Bxf3 33. gxf3 Rxe5 34. f4 Re8 35. Kg2 Rg8+ 36. Kf3 Rh1 37. b4 Rxh3+ 38. Ke2 cxb4 39. axb4 a4 40. Ra2 Rh1 41. Rxa4 Kb7 42. f5 h3 43. Bf4 h2 44. Kf3 Rh8 0-1

[Event "Benidorm op U2000 09th"]
[Site "Benidorm"]
[Date "2010.12.04"]
[Round "2"]
[White "Ferrandiz Iserte, Albert"]
[Black "Orti Boix, Miguel"]
[Result "1-0"]
[WhiteElo "1993"]
[BlackElo "1884"]
[PlyCount "127"]
[EventDate "2010.12.03"]
[EventType "swiss"]
[EventRounds "10"]
[EventCountry "ESP"]
[SourceTitle "CBM 139 Extra"]
[Source "ChessBase"]
[SourceDate "2011.01.05"]
[SourceVersion "1"]
[SourceVersionDate "2011.01.05"]
[SourceQuality "1"]

1. e4 c5 2. Nf3 d6 3. d4 cxd4 4. Nxd4 Nf6 5. Nc3 a6 6. f3 e5 7. Nb3 Be7 8. Be3 Be6 9. Qd2 Qc7 10. 0-0-0 0-0 11. g4 Nbd7 12. Kb1 b5 13. g5 Nh5 14. Nd5 Bxd5 15. exd5 b4 16. Rg1 a5 17. Rg4 Nb6 18. Nc5 dxc5 19. d6 Bxd6 20. Qxd6 Qxd6 21. Rxd6 Rfd8 22. Rxd8+ Rxd8 23. Kc1 Rc8 24. Re4 f6 25. Bh3 Rc7 26. Bg4 Nf4 27. Bxf4 exf4 28. gxf6 gxf6 29. Rxf4 Kg7 30. Re4 h6 31. Re6 Nc4 32. Bf5 a4 33. Bd3 Ne5 34. Be4 Kf7 35. Ra6 b3 36. Rxa4 bxa2 37. Rxa2 Ke7 38. Ra8 Nc4 39. Rh8 Kd6 40. b3 Ne3 41. Rxh6 Ke5 42. Kd2 Ng2 43. Rh5+ Ke6 44. Rh7 Rxh7 45. Bxh7 Nf4 46. Ke3 Nd5+ 47. Ke4 Nb4 48. c3 Na2 49. Kd3 Nc1+ 50. Kc4 Kd6 51. b4 cxb4 52. cxb4 Ne2 53. b5 Nf4 54. Bf5 Ne2 55. h4 Nf4 56. Bg4 Ng6 57. h5 Ne5+ 58. Kb4 Nf7 59. Ka5 Kc7 60. Ka6 Kb8 61. Kb6 Nh6 62. Be6 f5 63. Kc6 f4 64. Kb6 1-0

[Event "ESP-ch"]
[Site "El Sauzal"]
[Date "2010.09.11"]
[Round "8"]
[White "Gonzalez Garcia, Zoilo"]
[Black "Orti Boix, Miguel"]
[Result "0-1"]
[WhiteElo "1572"]
[BlackElo "1889"]
[PlyCount "48"]
[EventDate "2010.09.04"]
[EventType "swiss"]
[EventRounds "9"]
[EventCountry "ESP"]
[SourceTitle "CBM 138 Extra"]
[Source "ChessBase"]
[SourceDate "2010.10.29"]
[SourceVersion "1"]
[SourceVersionDate "2010.10.29"]
[SourceQuality "1"]

1. e4 c5 2. Nf3 d6 3. d3 Nf6 4. g3 Nc6 5. Nbd2 e5 6. Bg2 Be7 7. 0-0 0-0 8. c3 a5 9. a4 Rb8 10. Re1 Ne8 11. Nf1 f5 12. exf5 Bxf5 13. Ne3 Be6 14. Nd2 Qc7 15. Nd5 Qd8 16. f4 Nf6 17. Nxe7+ Nxe7 18. fxe5 dxe5 19. Rxe5 Bf7 20. Rxc5 Qxd3 21. Rc7 Ned5 22. Bxd5 Bxd5 23. Re7 Ne4 24. Rd7 Qe3+ 0-1

[Event "ESP-ch"]
[Site "El Sauzal"]
[Date "2010.09.04"]
[Round "1"]
[White "Orti Boix, Miguel"]
[Black "Espinosa Aranda, Angel"]
[Result "0-1"]
[WhiteElo "1889"]
[BlackElo "2403"]
[PlyCount "52"]
[EventDate "2010.09.04"]
[EventType "swiss"]
[EventRounds "9"]
[EventCountry "ESP"]
[SourceTitle "CBM 138 Extra"]
[Source "ChessBase"]
[SourceDate "2010.10.29"]
[SourceVersion "1"]
[SourceVersionDate "2010.10.29"]
[SourceQuality "1"]

1. e4 e5 2. Nf3 Nc6 3. Bb5 a6 4. Ba4 Nf6 5. 0-0 b5 6. Bb3 Bc5 7. d3 0-0 8. Bg5 h6 9. Bh4 g5 10. Bg3 d6 11. c3 Bg4 12. h3 Bh5 13. Nbd2 Qd7 14. Qc1 Kh8 15. Nh2 Be2 16. Re1 Bxd3 17. Bd1 Ne7 18. Ng4 Nxg4 19. Bxg4 f5 20. exf5 Nxf5 21. Ne4 Bxe4 22. Rxe4 Qh7 23. Bxf5 Qxf5 24. Re2 Qd3 25. Qc2 Qxg3 26. Qg6 Qh4 0-1

[Event "Ampolla op 4th"]
[Site "Ampolla"]
[Date "2008.06.08"]
[Round "1.1"]
[White "Orti Boix, Miguel"]
[Black "Moskalenko, Viktor"]
[Result "0-1"]
[WhiteElo "1890"]
[BlackElo "2572"]
[PlyCount "62"]
[EventDate "2008.06.08"]
[EventType "swiss (rapid)"]
[EventRounds "8"]
[EventCountry "ESP"]
[SourceTitle "CBM 124 Extra"]
[Source "ChessBase"]
[SourceDate "2008.07.03"]
[SourceVersion "1"]
[SourceVersionDate "2008.07.03"]
[SourceQuality "1"]

1. e4 c5 2. c3 e6 3. d4 d5 4. e5 Qb6 5. a3 Nc6 6. Nf3 c4 7. Be2 Bd7 8. 0-0 Na5 9. Nbd2 Ne7 10. Rb1 Qc7 11. b4 cxb3 12. Bb2 Nc8 13. Ne1 Nb6 14. Nd3 Nbc4 15. Nxc4 Nxc4 16. Qc1 Be7 17. Ra1 0-0 18. a4 Rfc8 19. f4 Nxb2 20. Qxb2 Qxc3 21. Rfc1 Qxb2 22. Nxb2 Rxc1+ 23. Rxc1 Ba3 24. Rc7 Bxb2 25. Rxd7 Bxd4+ 26. Kf1 Rc8 27. Bd3 b6 28. Rxa7 b2 29. Ke2 g5 30. g3 Rc3 31. Bb1 Rc1 0-1

[Event "Torredembarra op 8th"]
[Site "Torredembarra"]
[Date "2006.07.11"]
[Round "4"]
[White "Llaneza Vega, Patricia"]
[Black "Orti Boix, Miguel"]
[Result "1-0"]
[WhiteElo "2256"]
[BlackElo "1896"]
[PlyCount "47"]
[EventDate "2006.07.08"]
[EventType "swiss"]
[EventRounds "9"]
[EventCountry "ESP"]
[SourceTitle "EXT 2019"]
[Source "ChessBase"]
[SourceDate "2018.10.10"]
[SourceVersion "1"]
[SourceVersionDate "2018.10.10"]
[SourceQuality "1"]

1. e4 c5 2. Nf3 d6 3. d4 cxd4 4. Nxd4 Nf6 5. Nc3 a6 6. Be3 e5 7. Nb3 Be6 8. f3 Be7 9. Qd2 0-0 10. 0-0-0 Nbd7 11. g4 b5 12. g5 Nh5 13. Kb1 Qc7 14. f4 Nxf4 15. Bxf4 exf4 16. Qxf4 Rac8 17. Nd4 Qc5 18. Nd5 Bxd5 19. exd5 Nb6 20. Bg2 Nxd5 21. Bxd5 Qxd5 22. Nf5 Qb7 23. Qd4 f6 24. Qd5+ 1-0